The dictionary of marketing /

Bibliographic Details
Main Author: Ostrow, Rona
Other Authors: Smith, Sweetman R.
Format: Book
Language:English
Published: New York : Fairchild Publications, [1988]
Subjects:

MARC

Tag First Indicator Second Indicator Subfields
LEADER 00000cam a2200000 a 4500
001 in00000019879
005 20151007053742.0
008 880316s1988 nyua d 00010 eng d
010 |a  87082654  
020 |z 870055739 
035 |a (OCoLC)17637600 
035 |9 AAB2709AM 
040 |a ORU  |c ORU  |d TXA  |d UtOrBLW 
049 |a TXAF  |c [A12643227] 
050 4 |a HF5412  |b .O87 1988 
100 1 |a Ostrow, Rona. 
245 1 4 |a The dictionary of marketing /  |c Rona Ostrow, Sweetman R. Smith. 
264 1 |a New York :  |b Fairchild Publications,  |c [1988] 
264 4 |c ©1988 
300 |a 258 pages :  |b illustrations ;  |c 25 cm. 
336 |a text  |b txt  |2 rdacontent 
337 |a unmediated  |b n  |2 rdamedia 
338 |a volume  |b nc  |2 rdacarrier 
650 0 |a Marketing  |v Dictionaries. 
700 1 |a Smith, Sweetman R. 
999 |a MARS 
999 f f |s 55c245ef-6d5d-32c1-8ad4-72a58d9a7e39  |i 05f1052b-4de8-38d4-907b-722700280a0e  |t 0 
952 f f |p ric  |a Texas A&M University  |b Rellis Campus  |c Joint Library Facility  |d Remote Storage  |t 0  |e HF5412 .O87 1988  |h Library of Congress classification  |i unmediated -- volume  |m A14812643227 
998 f f |a HF5412 .O87 1988  |t 0  |l Remote Storage